00452 2200169 4500245003500000020002200035250001100057100001500068650002100083650001000104005001900114260009700133041001400230084000800244300002100252336000900273 aDari MeraukecF. RahardihText a978-602-437-353-5 aCet. 1 aF. Rahardi aSastra Indonesia aEbook a20241104084937 aJakartabBadan Pengembangan dan Pembinaan Bahasa Kementerian Pendidikan dan Kebudayaanc2017 aIndonesia a813 a173 hlm :bpdf ; atext